Roblox Work at a Pizza Place: Jobs - Statistics

General Stats
  • This quiz has been taken 28 times
    27 since last reset
  • The average score is 5 of 7
Answer Stats
Type Job % Correct
Job Delivery
96%
Job Cook
92%
Job Cashier
85%
Job Manager
77%
Job Supplier
62%
Job Pizza Boxer
50%
Lazy On Break
46%
No matching quizzes found
Score Distribution
Percent of People with Each Score
Percentile by Number Answered
Your Score History
You have not taken this quiz since the last reset